000 00454nam a2200193Ia 4500
005 20240823040058.0
008 240823s9999||||xx |||||||||||||| ||und||
020 _a978-93-80792-47-7
041 _aENGLISH
082 _A509.954 Q1
100 _aJhilmil Banerjee
245 4 _aThe Great Scientist C V raman
250 _a1st
260 _c2011
_bPrintworld
500 _aDISPLAY
650 _aBiography
_bGeneral
942 _cBK
999 _c202228
_d202228